MARC details
| 000 -LEADER |
| campo de control de longitud fija |
01392nam a2200265 i 4500 |
| 001 - NÚMERO DE CONTROL |
| campo de control |
155644 |
| 003 - IDENTIFICADOR DE NÚMERO DE CONTROL |
| campo de control |
ES-MaACL |
| 005 - FECHA Y HORA DE LA ÚLTIMA TRANSACCIÓN |
| campo de control |
20230906210144.0 |
| 008 - DATOS DE LONGITUD FIJA--INFORMACIÓN GENERAL |
| campo de control de longitud fija |
940615q1736 sp a |||| | spa d |
| 100 1# - ENTRADA PRINCIPAL--NOMBRE DE PERSONA |
| Nombre de persona |
Huerta y Vega, Francisco Xavier Manuel de la. |
| 9 (RLIN) |
146703 |
| 245 10 - MENCIÓN DEL TÍTULO |
| Título |
Anales de el Reyno de Galicia. |
| Número de parte o sección de la obra |
Tomo primero [-segundo] ... / |
| Mención de responsabilidad, etc. |
su autor ... D. Francisco Xavier Manuel de la Huerta y Vega... |
| 260 ## - PUBLICACIÓN, DISTRIBUCIÓN, ETC. |
| Lugar de publicación, distribución, etc. |
En Santiago : |
| Nombre del editor, distribuidor, etc. |
en la imprenta de D. Andres Frayz ..., |
| Fecha de publicación, distribución, etc. |
[posterior a 1736] |
| 300 ## - DESCRIPCIÓN FÍSICA |
| Extensión |
2 v. ([16], 438 p., [2] en bl. ; Fol. [20], 432 p., [1] h. de grab. ; |
| Dimensiones |
Fol. |
| 530 ## - NOTA DISPONIBLE DE FORMULARIO FÍSICO ADICIONAL |
| Nota de formato físico adicional disponible |
Disponible en formato digital. |
| 546 ## - NOTA DE IDIOMA |
| Nota de lengua/lenguaje |
Texto en castellano, apéndices en latín. |
| 596 ## - NOTA AL PIE DE IMPRENTA |
| NOTA AL PIE DE IMPRENTA |
Tassa del t. 1º, es de 1733 ; la del 2º, de 1736. |
| 596 ## - NOTA AL PIE DE IMPRENTA |
| NOTA AL PIE DE IMPRENTA |
El pie de imprenta del 2º t.: "En Santiago : en la imprenta de Ignacio Guerra, Impressor del Reyno de Galicia. |
| 597 ## - NOTA DE DESCRIPCIÓN FÍSICA |
| NOTA DE DESCRIPCIÓN FÍSICA |
Sign.: ¶-2¶4, A-2Z4, 3A-3I4 ; ¶6, 2¶4, A-Z4, 2A-2Z4, 3A-3H4. |
| 597 ## - NOTA DE DESCRIPCIÓN FÍSICA |
| NOTA DE DESCRIPCIÓN FÍSICA |
Texto a dos col.; excepto los apéndices. |
| 597 ## - NOTA DE DESCRIPCIÓN FÍSICA |
| NOTA DE DESCRIPCIÓN FÍSICA |
Port. con orla xilográfica. |
| 599 ## - NOTA A LAS ILUSTRACIONES |
| NOTA A LAS ILUSTRACIONES |
La h. de grab. calc. : "Palamº. jb.", representa las armas de Galicia. |
| 651 #4 - PUNTO DE ACCESO ADICIONAL DE MATERIA--NOMBRE GEOGRÁFICO |
| Nombre geográfico |
Galicia- |
| Subdivisión general |
Historia- |
| Subdivisión cronológica |
S.XVI-XVIII- |
| Subdivisión de forma |
Fuentes. |
| 9 (RLIN) |
157615 |
| 852 ## - LOCALIZACIÓN |
| Ubicación |
ES-MaACL |
| Número de control de estantería |
R-153-54 |
| Nota libre |
- Enc. perg. |
| Encuadernación |
Olim: C-1914-15 |
| 856 ## - LOCALIZACIÓN Y ACCESO ELECTRÓNICOS |
| Identificador Uniforme de Recursos |
<a href="http://bdh-rd.bne.es/viewer.vm?id=0000134323&page=1 ">http://bdh-rd.bne.es/viewer.vm?id=0000134323&page=1 </a> |
| Nota pública |
Biblioteca Digital Hispánica |